[Event "SC Gronau 1 - SF Olfen 1"]
[Site "Regionalliga Münsterland 2018"]
[Date "2019.05.11"]
[Round "9.3"]
[White "Beutelhoff, Josef"]
[Black "Ellenbroek, Ton"]
[Result "1-0"]
[WhiteElo "1971"]
[BlackElo "2042"]
[PlyCount "33"]
[EventDate "2019.??.??"]
[SourceDate "2019.06.08"]

1. d4 d6 2. c4 e5 3. Nf3 e4 4. Nfd2 f5 5. e3 Nf6 6. Nc3 Be7 7. f3 exf3 8. Nxf3
O-O 9. Bd3 c6 10. O-O Na6 11. a3 Nc7 12. Qc2 g6 13. Bd2 d5 14. cxd5 cxd5 15.
Rfe1 Bd7 16. Ne5 Rc8 17. Qb3 1-0

[Event "SC Gronau 1 - SF Olfen 1"]
[Site "Regionalliga Münsterland 2018"]
[Date "2019.05.11"]
[Round "9.4"]
[White "Luetkehermoelle, Martin"]
[Black "Stroessner, Lena"]
[Result "1-0"]
[WhiteElo "1968"]
[BlackElo "1949"]
[PlyCount "97"]
[EventDate "2019.??.??"]
[SourceDate "2019.06.08"]

1. e4 e6 2. d4 d5 3. e5 c5 4. c3 Qb6 5. Nf3 Nc6 6. a3 c4 7. Nbd2 Na5 8. Be2 Bd7
9. O-O Ne7 10. Re1 Nc8 11. Rb1 Qc7 12. Ng5 Be7 13. f4 h6 14. Nh3 Nb6 15. Rf1
Ba4 16. Qe1 Bc2 17. Ra1 O-O-O 18. Bd1 Bd3 19. Be2 Bxe2 20. Qxe2 Rdf8 21. f5
exf5 22. Rxf5 Qd7 23. Rf1 g5 24. Nf2 Na8 25. Ng4 Nc7 26. Nf6 Qc6 27. Qf3 b6 28.
Rf2 Nb7 29. Nf1 Bxf6 30. Qxf6 Qxf6 31. Rxf6 Ne8 32. Rf5 Kd7 33. Ne3 Kc6 34. Bd2
Nd8 35. Raf1 Rhg8 36. e6 Nxe6 37. Nxd5 Kd7 38. Rxf7+ Kd6 39. Ne3 Nf4 40. Rxf8
Rxf8 41. Nxc4+ Kd5 42. Bxf4 gxf4 43. Nd2 Ng7 44. g3 Ne6 45. Kg2 Rg8 46. Re1
fxg3 47. Re5+ Kd6 48. Ne4+ Ke7 49. d5 1-0

[Event "SC Gronau 1 - SF Olfen 1"]
[Site "Regionalliga Münsterland 2018"]
[Date "2019.05.11"]
[Round "9.5"]
[White "Pinno, Gregor"]
[Black "Storck, Martin"]
[Result "0-1"]
[WhiteElo "1813"]
[BlackElo "1957"]
[PlyCount "64"]
[EventDate "2019.??.??"]
[SourceDate "2019.06.08"]

1. Nf3 d5 2. g3 g6 3. Bg2 Bg7 4. O-O e5 5. d3 Ne7 6. Nbd2 O-O 7. e4 dxe4 8.
dxe4 Nbc6 9. c3 Bg4 10. Qb3 Rb8 11. Rd1 Qc8 12. Nf1 b5 13. Ne3 Be6 14. Nd5 h6
15. Be3 Re8 16. Bc5 Kh8 17. Qc2 a5 18. h4 Nxd5 19. exd5 Bf5 20. Qd2 Nd8 21. a4
e4 22. Nd4 bxa4 23. c4 Bg4 24. Re1 Nb7 25. Ba3 Nd6 26. Rac1 Bh3 27. Bh1 Nf5 28.
Nc6 e3 29. fxe3 Rb3 30. e4 Nxg3 31. Qf4 Nh5 32. Qxf7 Qg4+ 0-1

[Event "SC Gronau 1 - SF Olfen 1"]
[Site "Regionalliga Münsterland 2018"]
[Date "2019.05.11"]
[Round "9.6"]
[White "Langendijk, Andre"]
[Black "Preuss, Richard"]
[Result "1-0"]
[WhiteElo "1907"]
[BlackElo "1764"]
[PlyCount "53"]
[EventDate "2019.??.??"]
[SourceDate "2019.06.08"]

1. d4 d5 2. Bg5 Nf6 3. Bxf6 exf6 4. e3 Bd6 5. c4 dxc4 6. Bxc4 Qe7 7. Nc3 Nc6 8.
Nge2 O-O 9. O-O a6 10. a3 f5 11. Rc1 Re8 12. g3 Nd8 13. Nd5 Qg5 14. Nef4 Ne6
15. h4 Qd8 16. Qf3 Nxf4 17. Nxf4 Bxf4 18. Qxf4 c6 19. Rfd1 Qf6 20. b4 Re4 21.
Qc7 h6 22. d5 cxd5 23. Bxd5 Re8 24. Bxb7 Ra7 25. Qc6 Qxc6 26. Bxc6 Re5 27. Rd8+
1-0

[Event "SC Gronau 1 - SF Olfen 1"]
[Site "Regionalliga Münsterland 2018"]
[Date "2019.05.11"]
[Round "9.7"]
[White "Boenigk, Winfried"]
[Black "Hoge, Torsten"]
[Result "0-1"]
[WhiteElo "1765"]
[BlackElo "1922"]
[PlyCount "74"]
[EventDate "2019.??.??"]
[SourceDate "2019.06.08"]

1. d4 Nf6 2. c4 e6 3. Nc3 Bb4 4. Qc2 c5 5. Nf3 cxd4 6. Nxd4 Nc6 7. Nxc6 dxc6 8.
a3 Be7 9. e4 e5 10. Be2 Bg4 11. f3 Be6 12. Be3 O-O 13. O-O Nd7 14. b4 Bg5 15.
Bf2 Qc7 16. h4 Be7 17. Nd1 a5 18. Rb1 axb4 19. axb4 Ra3 20. Ne3 Rfa8 21. Nf5
Bf8 22. Rb2 g6 23. Ng3 Qd8 24. h5 Bh6 25. hxg6 hxg6 26. Rd1 Bf4 27. Nf1 Qf8 28.
g3 Bg5 29. Rd3 Ra1 30. Be3 Bxe3+ 31. Rxe3 Qh6 32. Kf2 Qh1 33. Rb1 R8a2 34. Qd1
Rxb1 35. Qxb1 Bxc4 36. Qd1 Nf8 37. Ke1 Qg2 0-1

[Event "SC Gronau 1 - SF Olfen 1"]
[Site "Regionalliga Münsterland 2018"]
[Date "2019.05.11"]
[Round "9.8"]
[White "Reckzuegel, Philipp"]
[Black "Limberg, Thomas"]
[Result "1-0"]
[WhiteElo "1949"]
[BlackElo "1626"]
[PlyCount "37"]
[EventDate "2019.??.??"]
[SourceDate "2019.06.08"]

1. d4 Nf6 2. c4 e6 3. Nf3 d5 4. Nc3 Be7 5. e3 O-O 6. Bd3 a6 7. b3 c5 8. O-O Nc6
9. Bb2 Qc7 10. Rc1 dxc4 11. bxc4 cxd4 12. exd4 Rd8 13. Qe2 Qf4 14. d5 Nb8 15.
Na4 Qc7 16. Bd4 Nbd7 17. dxe6 fxe6 18. Qxe6+ Kh8 19. Qxe7 1-0